000 00340nam a2200133Ia 4500
008 220524s9999 xx 000 0 und d
041 _aeng
082 _a746.1
100 _aBarnes C June
_92881
245 _aStiching to Dye in Quilt Art Colour,Texture and Distortion
260 _bBatsford,London
650 _aDyeing
_92882
906 _a341
999 _c5072
_d5072